L'Europe c'est fini

সংরক্ষণ করুন:
গ্রন্থ-পঞ্জীর বিবরন
প্রধান লেখক: Fralon, Joe- Alain
বিন্যাস: গ্রন্থ
ভাষা:Undetermined
প্রকাশিত: Paris Calmann- Levy 1975
বিষয়গুলি:
ট্যাগগুলো: ট্যাগ যুক্ত করুন
কোনো ট্যাগ নেই, প্রথমজন হিসাবে ট্যাগ করুন!
Thư viện lưu trữ: Trung tâm Học liệu Trường Đại học Cần Thơ
LEADER 00486nam a2200181Ia 4500
001 CTU_82325
008 210402s9999 xx 000 0 und d
082 |a 330.9 
082 |b F812 
100 |a Fralon, Joe- Alain 
245 0 |a L'Europe c'est fini 
245 0 |c Joe- Alain Fralon 
260 |a Paris 
260 |b Calmann- Levy 
260 |c 1975 
650 |a International economic integration 
904 |i Trọng Hải 
980 |a Trung tâm Học liệu Trường Đại học Cần Thơ